|
|
|
|
| LEADER |
01451cam a2200361Ia 4500 |
| 001 |
9780203029817 |
| 003 |
FlBoTFG |
| 005 |
20091230162919.0 |
| 006 |
a|||||s||||||||||| |
| 007 |
cr|||| |
| 008 |
990208s1998 enkab sb 001 0 eng d |
| 020 |
|
|
|a 9780203029817 (e-book : PDF)
|
| 040 |
|
|
|a FlBoTFG
|c FlBoTFG
|d GrThAP
|
| 043 |
|
|
|a aw-----
|a mm-----
|
| 090 |
|
|
|a DS56
|b .A78 1998
|
| 092 |
|
|
|a 956.01
|b A669
|
| 245 |
0 |
0 |
|a Archaeology under fire
|h [electronic resource] :
|b nationalism, politics and heritage in the eastern Mediterranean and Middle East /
|c edited by Lynn Meskell.
|
| 246 |
3 |
0 |
|a Nationalism, politics and heritage in the eastern Mediterranean and Middle East
|
| 260 |
|
|
|a London ;
|a New York :
|b Routledge,
|c 1998.
|
| 300 |
|
|
|a x, 251 p. :
|b ill., maps.
|
| 504 |
|
|
|a Includes bibliographical references and index.
|
| 530 |
|
|
|a Also available in print edition.
|b CRC Press (http://www.crcpress.com)
|
| 538 |
|
|
|a Mode of access: World Wide Web.
|
| 650 |
|
0 |
|a Archaeology
|x Political aspects
|z Middle East.
|
| 650 |
|
0 |
|a Archaeology
|x Political aspects
|z Mediterranean Region.
|
| 650 |
|
0 |
|a Nationalism
|z Middle East.
|
| 650 |
|
0 |
|a Nationalism
|z Mediterranean Region.
|
| 651 |
|
0 |
|a Middle East
|x Antiquities.
|
| 651 |
|
0 |
|a Mediterranean Region
|x Antiquities.
|
| 655 |
|
7 |
|a Electronic books.
|2 lcsh
|
| 700 |
1 |
|
|a Meskell, Lynn.
|
| 776 |
1 |
|
|z 9780415164702
|
| 856 |
4 |
0 |
|u http://www.tandfebooks.com/isbn/9780203029817
|z Full Text via HEAL-Link
|